Southville International School and Colleges
Your cart is empty.
  • Cart
  • Lists
    Public lists Eva Luna New books Lux_list list_1
    Your lists Log in to create your own lists
  • Log in to your account
  • Your cookies
  • Search history
Southville International School and Colleges
  • Advanced search
  • Recent comments
  • Most popular
  • Libraries

Log in to your account

Log in with GOOGLE


If you do not have an external account, but do have a local account, you can still log in:

  1. Home
  2. MARC view: Marketing :
Normal view MARC view ISBD view

Marketing : (Record no. 286446)

[ view plain ]
MARC details
000 -LEADER
fixed length control field 01029cam a22002894a 4500
001 - CONTROL NUMBER
control field 1214377
003 - CONTROL NUMBER IDENTIFIER
control field PILC
005 - DATE AND TIME OF LATEST TRANSACTION
control field 20150610101045.0
008 - FIXED-LENGTH DATA ELEMENTS--GENERAL INFORMATION
fixed length control field 990603s2000 njua b 001 0 eng
010 ## - LIBRARY OF CONGRESS CONTROL NUMBER
LC control number 99035215
020 ## - INTERNATIONAL STANDARD BOOK NUMBER
International Standard Book Number 9780130127716
040 ## - CATALOGING SOURCE
Original cataloging agency DLC
Transcribing agency DLC
Modifying agency DLC
042 ## - AUTHENTICATION CODE
Authentication code pcc
050 00 - LIBRARY OF CONGRESS CALL NUMBER
Classification number HF 5415
Item number .K87 2000
082 00 - DEWEY DECIMAL CLASSIFICATION NUMBER
Classification number 658.8
100 1# - MAIN ENTRY--PERSONAL NAME
Personal name Armstrong, Gary
Fuller form of name (Gary M.)
245 10 - TITLE STATEMENT
Title Marketing :
Remainder of title an introduction /
Statement of responsibility, etc Gary Armstrong, Philip Kotler.
250 ## - EDITION STATEMENT
Edition statement 5th ed.
260 ## - PUBLICATION, DISTRIBUTION, ETC. (IMPRINT)
Place of publication, distribution, etc Upper Saddle River, NJ :
Name of publisher, distributor, etc Prentice Hall,
Date of publication, distribution, etc 2000.
300 ## - PHYSICAL DESCRIPTION
Extent xxvii, 575 pages :
Other physical details illustrations (chiefly color) ;
Dimensions 26 cm.
500 ## - GENERAL NOTE
General note Includes appendix, glossary, bibliographical references and indexes.
650 #0 - SUBJECT ADDED ENTRY--TOPICAL TERM
Topical term or geographic name as entry element Marketing.
700 1# - ADDED ENTRY--PERSONAL NAME
Personal name Kotler, Philip.
906 ## - LOCAL DATA ELEMENT F, LDF (RLIN)
a 7
b cbc
c orignew
d 1
e ocip
f 19
g y-gencatlg
942 ## - ADDED ENTRY ELEMENTS (KOHA)
Source of classification or shelving scheme Library of Congress Classification
Koha item type Books
Holdings
Withdrawn status Lost status Source of classification or shelving scheme Damaged status Home library Current library Shelving location Date acquired Source of acquisition Total Checkouts Full call number Barcode Date last seen Price effective from Koha item type Public note Sub Shelving location
Withdrawn   Library of Congress Classification   Southville International School Affiliated with Foreign Universities Library Southville International School Affiliated with Foreign Universities Library   06/10/2015 Library Fund   HF 5415 .K87 2000 SFU2015 05/15/2018 06/10/2015 Books Books donated  
    Library of Congress Classification   Southville International School Affiliated with Foreign Universities Library Southville International School Affiliated with Foreign Universities Library Southville Foreign University Section 06/10/2015 Library Fund   HF 5415 .K87 2000 SFU2016 05/15/2018 06/10/2015 Books    
Withdrawn   Library of Congress Classification   Southville International School Affiliated with Foreign Universities Library Southville International School Affiliated with Foreign Universities Library   06/16/2015 Library Fund   HF 5415 .K87 2000 SFU2076 05/15/2018 06/16/2015 Books Books donated  
    Library of Congress Classification   Southville International School Affiliated with Foreign Universities Library Southville International School Affiliated with Foreign Universities Library Southville Foreign University Section 06/16/2015 Library Fund   HF 5415 .K87 2000 SFU2077 05/15/2018 06/16/2015 Books    
    Library of Congress Classification   Southville International School Affiliated with Foreign Universities Library Southville International School Affiliated with Foreign Universities Library Southville Foreign University Section 06/16/2015 Library Fund   HF 5415 .K87 2000 SFU2078 05/15/2018 06/16/2015 Books    

Marketing :

APA

Armstrong G., Kotler P., . (2000). Marketing. Upper Saddle River, NJ: Prentice Hall.

Chicago

Armstrong Gary, Kotler Philip, . 2000. Marketing. Upper Saddle River, NJ: Prentice Hall.

Harvard

Armstrong G., Kotler P., . (2000). Marketing. Upper Saddle River, NJ: Prentice Hall.

MLA

Armstrong Gary, Kotler Philip, . Marketing. Upper Saddle River, NJ: Prentice Hall. 2000.

  • Place hold
  • Print
  • Cite
  • Add to your cart (remove)
  • Save record
    BIBTEX Dublin Core MARCXML MARC (non-Unicode/MARC-8) MARC (Unicode/UTF-8) MARC (Unicode/UTF-8, Standard) MODS (XML) RIS
  • More searches
    Search for this title in:
    Other Libraries (WorldCat) Other Databases (Google Scholar) Online Stores (Bookfinder.com) Open Library (openlibrary.org)

Exporting to Dublin Core...

SOUTHVILLE LIBRARY

Southville International School and Colleges Library

1281 Tropical Ave. Cor. Luxembourg St., BF Homes International, Las Pinas City

Tel. No. 8256374 / 252358 Loc. 117/146

Powered by Koha